| 000 | 00000nam 2200000zi 4500 |
| 001 | 9.945541 |
| 003 | CaOODSP |
| 005 | 20241127143321 |
| 006 | m o d f |
| 007 | cr mn||||||||| |
| 008 | 241125e19950207onc o f000 0 eng d |
| 040 | |aCaOODSP|beng|erda|cCaOODSP |
| 043 | |an-cn--- |
| 086 | 1 |aE2-148/1995E-PDF |
| 110 | 1 |aCanada. |bDepartment of Foreign Affairs and International Trade, |eauthor.|eissuing body. |
| 245 | 10|aGovernment response to the recommendations of the Special Joint Parliamentary Committee Reviewing Canadian Foreign Policy. |
| 264 | 1|aOttawa, Ontario : |bGouvernement du Canada = Government of Canada, |cFebruary 7, 1995. |
| 300 | |a1 online resource (100 pages) |
| 336 | |atext|btxt|2rdacontent |
| 337 | |acomputer|bc|2rdamedia |
| 338 | |aonline resource|bcr|2rdacarrier |
| 500 | |aDigitized edition from print [produced by Government of Canada Publications Directorate]. |
| 500 | |aIssued also in French under title: Réponse du gouvernement aux recommandations du Comité parlementaire mixte spécial chargé de l'examen de la politique étrangère du Canada. |
| 650 | 0|aInternational relations. |
| 650 | 0|aInternational cooperation. |
| 651 | 0|aCanada|xForeign relations. |
| 651 | 0|aCanada|xForeign economic relations. |
| 775 | 08|tRéponse du gouvernement aux recommandations du Comité parlementaire mixte spécial chargé de l'examen de la politique étrangère du Canada.|w(CaOODSP)9.945545 |
| 776 | 0#|tGovernment response to the recommendations of the Special Joint Parliamentary Committee Reviewing Canadian Foreign Policy |w(CaOODSP)9.657413 |
| 856 | 40|qPDF|s4.66 MB|uhttps://publications.gc.ca/collections/collection_2024/amc-gac/E2-148-1995-eng.pdf |